Fúzie a akvizície v čínskom automobilovom priemysle diplomová práca

Enregistré dans:
Détails bibliographiques
Auteur principal: Cepka, Andrej
Collectivité auteur: Obchodná fakulta EU. Katedra medzinárodného obchodu
Autres auteurs: Pásztorová, Janka, 1960-
Format: Livre
Langue:slovaque
Publié: Bratislava 2015
Tags: Ajouter un tag
Pas de tags, Soyez le premier à ajouter un tag!

MARC

LEADER 00000nbm a2200000 4500
001 0201482
005 20161212104225.1
041 0 |a slo 
044 |a SK 
245 1 0 |a Fúzie a akvizície v čínskom automobilovom priemysle  |b diplomová práca  |c Andrej Cepka ; školiteľ: Janka Pásztorová 
264 1 |a Bratislava  |c 2015 
300 |a 82 s. 
100 1 |a Cepka, Andrej 
700 1 |a Pásztorová, Janka, 1960- 
710 2 |a Obchodná fakulta EU. Katedra medzinárodného obchodu